000 00488nam a22001817a 4500
003 0
005 20230925074610.0
008 230925b xxu||||| |||| 00| 0 eng d
020 _a978-1-250-75963-4
050 _aPZ 7
_b.F75 2020
100 _aForester, Victoria
245 _aThe girl who fell out of the sky
_cForester, Victoria
260 _aNew York
_bFeiwel and Friends
_cc2020.
300 _a328 pages ;
_c21cm.
500 _aFiction.
650 _aFiction.
942 _2lcc
_cBK
999 _c365370
_d365370